|
|
|
|
| LEADER |
00000nnm a2200000 i 4500 |
| 001 |
dolg12132 |
| 005 |
20170830151813.0 |
| 008 |
170518suuuu hu o 000 hun d |
| 040 |
|
|
|a BGE Dolgozattár Repozitórium
|b hun
|
| 041 |
|
|
|a hu
|
| 100 |
1 |
|
|a Marlok Edina
|
| 245 |
1 |
3 |
|a Az NH Budapest Hotel kínálatának (étlap, itallap) elemzése, választék szakszerű csoportosítása, sorrendje
|c Marlok Edina
|h [elektronikus dokumentum]
|
| 516 |
|
|
|a Project_work
|
| 695 |
|
|
|a étlap elemzés
|
| 695 |
|
|
|a itallap elemzés
|
| 700 |
1 |
|
|a Gancsovné Rossi Krisztina
|e ths
|
| 856 |
4 |
0 |
|u http://dolgozattar.uni-bge.hu/12132/1/Marlok%20Edina%20V2EADP%20projektmunka.pdf
|z Dokumentum-elérés
|